Research for business decisions business research methods
Enregistré dans:
| Auteur principal: | |
|---|---|
| Autres auteurs: | |
| Format: | Livre |
| Langue: | anglais |
| Publié: |
Columbus
Publishing Horizons, Inc.
1988
|
| Édition: | 4. ed. |
| Sujets: | |
| Tags: |
Pas de tags, Soyez le premier à ajouter un tag!
|
MARC
| LEADER | 00000nam a2200000 4500 | ||
|---|---|---|---|
| 001 | c101976 | ||
| 005 | 20221123135755.6 | ||
| 020 | |a 0-942280-45-8 | ||
| 041 | 0 | |a eng | |
| 044 | |a us | ||
| 245 | 1 | 0 | |a Research for business decisions |b business research methods |c Howard L. Balsley, Vernon T. Clover |
| 250 | |a 4. ed. | ||
| 264 | 1 | |a Columbus |b Publishing Horizons, Inc. |c 1988 | |
| 300 | |a 480 s. | ||
| 610 | 2 | 0 | |a rozhodovanie podnikové |
| 610 | 2 | 0 | |a výskum podnikový |
| 610 | 2 | 0 | |a analýza korelačná |
| 610 | 2 | 0 | |a analýza regresná |
| 610 | 2 | 0 | |a metódy výskumu |
| 610 | 2 | 0 | |a hypotézy |
| 610 | 2 | 0 | |a využitie počítačov |
| 610 | 2 | 0 | |a testy |
| 100 | 1 | |a Balsley, Howard L. | |
| 700 | 1 | |a Clover, Vernon T. | |